| 000 | 00506 a2200181 4500 | ||
|---|---|---|---|
| 003 | OSt | ||
| 005 | 20231202104755.0 | ||
| 008 | 231202b |||||||| |||| 00| 0 eng d | ||
| 020 | _a9789353909215 | ||
| 040 | _coclc | ||
| 082 |
_a894.8123 _bIND/D |
||
| 100 |
_aIndugopan, G R _98021 |
||
| 245 |
_aDetective Prabhaakaran / _cG.R. Indugopan |
||
| 250 | _a6th ed. | ||
| 260 |
_aKottayam: _bD C Books, _c2022. |
||
| 300 | _a384p. | ||
| 942 |
_2ddc _cBK _h894.8123 _iIND/D _k894.8123 _mIND/D |
||
| 999 |
_c43925 _d43925 |
||